| 000 | 00581nam a2200181 a 4500 | ||
|---|---|---|---|
| 001 | 3450 | ||
| 003 | CDMR | ||
| 005 | 20130930164630.0 | ||
| 008 | 130130s1989||||||||||||||||||||||||||||d | ||
| 040 |
_aCDMR _bcat _cCDMR |
||
| 100 | 1 |
_aRimbau, Esteve _92489 |
|
| 245 | 1 | 0 |
_aSobre el guió _b: productors, directors, escriptors i guionistes _cEsteve Riambau, Casimiro Torreiro |
| 260 |
_aBarcelona _c1989 _bFestival de Cinema de Barcelona |
||
| 650 | 0 | 4 |
_93143 _aGuions televisius |
| 650 | 0 | 4 |
_9433 _aTelevisió _xProducció i direcció |
| 700 | 1 |
_93281 _aTorreiro, Casimiro |
|
| 942 |
_cMON _2udc |
||
| 999 |
_c3450 _d3450 |
||